practical Engineering Drawing (Record no. 3148)

MARC details
005 - DATE AND TIME OF LATEST TRANSACTION
control field 20250621085234.0
020 ## - INTERNATIONAL STANDARD BOOK NUMBER
International Standard Book Number 0-582-36983-5
082 ## - DEWEY DECIMAL CLASSIFICATION NUMBER
Classification number TEA LM 604.2 HAD
100 ## - MAIN ENTRY--PERSONAL NAME
Author name HADLEY, B.
245 ## - TITLE STATEMENT
Title practical Engineering Drawing
260 ## - PUBLICATION, DISTRIBUTION, ETC.
Place of publication, distribution, etc. New York,
Name of publisher, distributor, etc. Longman,
Date of publication, distribution, etc. 1999.
300 ## - PHYSICAL DESCRIPTION
Extent 119p.: ill.;figure.
Other physical details Index
Dimensions 26cm
942 ## - ADDED ENTRY ELEMENTS (KOHA)
Source of classification or shelving scheme Dewey Decimal Classification
Koha item type Books
Holdings
Date last seen Total checkouts Full call number Barcode Cost, replacement price Price effective from Koha item type Lost status Source of classification or shelving scheme Damaged status Not for loan Withdrawn status Home library Current library Shelving location Date acquired Cost, normal purchase price
06/04/2025   TEA LM 604.2 HAD 00000011041 171072.00 06/04/2025 Books   Dewey Decimal Classification       College of Business Education Main Library College of Business Education Main Library General Collection 04/22/2005 57024.00
06/04/2025   TEA LM 604.2 HAD 00000011042 171072.00 06/04/2025 Books   Dewey Decimal Classification       College of Business Education Main Library College of Business Education Main Library General Collection 04/22/2005 57024.00
06/04/2025   TEA LM 604.2 HAD 00000011043 171072.00 06/04/2025 Books   Dewey Decimal Classification       College of Business Education Main Library College of Business Education Main Library General Collection 04/22/2005 57024.00
06/04/2025   TEA LM 604.2 HAD 00000011051 171072.00 06/04/2025 Books   Dewey Decimal Classification       College of Business Education Main Library College of Business Education Main Library General Collection 04/22/2005 57024.00